[Event "European Team-ch 2007"]
[Site "Crete GRE"]
[Date "2007.10.29"]
[Round "2.7"]
[White "Gagunashvili, Merab"]
[Black "Rasmussen, Karsten"]
[Result "1/2-1/2"]
[WhiteElo "2584"]
[BlackElo "2495"]
[PlyCount "104"]
[EventDate "2007.10.28"]
[EventType "team"]
[EventRounds "9"]
[EventCountry "GRE"]
[Source "lmi"]
[SourceDate "2007.10.28"]
[WhiteTeam "Georgia"]
[BlackTeam "Denmark"]
[WhiteTeamCountry "GEO"]
[BlackTeamCountry "DEN"]

1. d4 d5 2. c4 c6 3. Nf3 Nf6 4. Nc3 e6 5. Qb3 dxc4 6. Qxc4 b5 7. Qd3 Nbd7 8. e4
b4 9. Na4 Qa5 10. b3 c5 11. dxc5 Nxc5 12. Nxc5 Bxc5 13. Bb2 Qb6 14. Qb5+ Bd7
15. Qxb6 axb6 16. Bd3 Bc6 17. Bxf6 gxf6 18. Ke2 Rg8 19. g3 Ke7 20. Rhc1 Ra3 21.
Nd2 Bd4 22. Rab1 Bc3 23. Rc2 Rga8 24. Rbc1 Rxa2 25. Nb1 Bd4 26. Rxa2 Rxa2+ 27.
Rc2 Rxc2+ 28. Bxc2 Bb5+ 29. Ke1 Kd6 30. Nd2 Bc3 31. Kd1 Kc5 32. Nf3 Bf1 33. Bb1
Bg2 34. Ke2 Bh3 35. Bc2 Bg4 36. Bb1 Bb2 37. Bc2 Bxf3+ 38. Kxf3 Kd4 39. Ke2 Kc3
40. Bd1 Bc1 41. f4 Kd4 42. Bc2 Be3 43. h4 e5 44. fxe5 fxe5 45. Bd3 Bf2 46. g4
Bxh4 47. Bc4 Kxe4 48. Bxf7 Kf4 49. Bg8 h6 50. Be6 e4 51. Bd7 Bf6 52. Bc8 Ke5
1/2-1/2

[Event "European Team-ch 2007"]
[Site "Crete GRE"]
[Date "2007.10.29"]
[Round "2.8"]
[White "Halkias, Stelios"]
[Black "Gyimesi, Zoltan"]
[Result "0-1"]
[WhiteElo "2590"]
[BlackElo "2610"]
[PlyCount "96"]
[EventDate "2007.10.28"]
[EventType "team"]
[EventRounds "9"]
[EventCountry "GRE"]
[Source "lmi"]
[SourceDate "2007.10.28"]
[WhiteTeam "Greece"]
[BlackTeam "Hungary"]
[WhiteTeamCountry "GRE"]
[BlackTeamCountry "HUN"]

1. d4 Nf6 2. c4 e6 3. Nf3 d5 4. Nc3 dxc4 5. e4 Bb4 6. Bg5 c5 7. e5 cxd4 8. Nxd4
Qa5 9. exf6 Bxc3+ 10. bxc3 Qxg5 11. fxg7 Qxg7 12. Qd2 O-O 13. Bxc4 Rd8 14. Qb2
Qe5+ 15. Be2 Nc6 16. Nc2 Rd3 17. Na3 Qxc3+ 18. Qxc3 Rxc3 19. Nb5 Rc2 20. Rd1
Rxa2 21. Bf3 Ra5 22. Nc7 Re5+ 23. Kf1 Rb8 24. h4 Kf8 25. Rh3 Ke7 26. Na6 bxa6
27. Bxc6 Rc5 28. Be4 h6 29. Re3 a5 30. g3 a4 31. Ra3 Rb4 32. Ba8 Bd7 33. Ra2
Rc3 34. Rda1 Rbc4 35. Ke1 Rc2 36. Bf3 Rxa2 37. Rxa2 Bb5 38. Kd2 a6 39. Bh5 f6
40. Bg6 Kd6 41. Bf7 Rd4+ 42. Kc3 Rd3+ 43. Kb4 Rb3+ 44. Ka5 a3 45. Bh5 Bc4 46.
Ka4 Rb5 47. Rd2+ Ke7 48. Be2 a2 0-1

[Event "European Team-ch 2007"]
[Site "Crete GRE"]
[Date "2007.10.29"]
[Round "2.8"]
[White "Balogh, Csaba"]
[Black "Banikas, Hristos"]
[Result "1/2-1/2"]
[WhiteElo "2561"]
[BlackElo "2591"]
[PlyCount "31"]
[EventDate "2007.10.28"]
[EventType "team"]
[EventRounds "9"]
[EventCountry "GRE"]
[Source "lmi"]
[SourceDate "2007.10.28"]
[WhiteTeam "Hungary"]
[BlackTeam "Greece"]
[WhiteTeamCountry "HUN"]
[BlackTeamCountry "GRE"]

1. e4 c5 2. Nf3 d6 3. d4 cxd4 4. Nxd4 Nf6 5. Nc3 g6 6. Be3 Bg7 7. f3 O-O 8. Qd2
Nc6 9. Bc4 Bd7 10. h4 Rc8 11. Bb3 h5 12. O-O-O Ne5 13. Bg5 Rc5 14. Kb1 Re8 15.
Rhe1 Qc8 16. Nd5 1/2-1/2

[Event "European Team-ch 2007"]
[Site "Crete GRE"]
[Date "2007.10.29"]
[Round "2.8"]
[White "Mastrovasilis, Dimitrios"]
[Black "Berkes, Ferenc"]
[Result "1/2-1/2"]
[WhiteElo "2559"]
[BlackElo "2606"]
[PlyCount "38"]
[EventDate "2007.10.28"]
[EventType "team"]
[EventRounds "9"]
[EventCountry "GRE"]
[Source "lmi"]
[SourceDate "2007.10.28"]
[WhiteTeam "Greece"]
[BlackTeam "Hungary"]
[WhiteTeamCountry "GRE"]
[BlackTeamCountry "HUN"]

1. e4 e5 2. Nf3 Nc6 3. Bb5 Nf6 4. O-O Nxe4 5. Re1 Nd6 6. Nxe5 Be7 7. Bf1 Nxe5
8. Rxe5 O-O 9. d4 Ne8 10. c4 Bf6 11. Re1 d5 12. cxd5 Qxd5 13. Be3 Be6 14. Nc3
Qd7 15. Bb5 Qd8 16. d5 Bf5 17. Qf3 Nd6 18. Bc5 Bg6 19. Ba4 a6 1/2-1/2

[Event "European Team-ch 2007"]
[Site "Crete GRE"]
[Date "2007.10.29"]
[Round "2.9"]
[White "Laznicka, Viktor"]
[Black "Jones, Gawain C B"]
[Result "1-0"]
[WhiteElo "2610"]
[BlackElo "2567"]
[PlyCount "111"]
[EventDate "2007.10.28"]
[EventType "team"]
[EventRounds "9"]
[EventCountry "GRE"]
[Source "lmi"]
[SourceDate "2007.10.28"]
[WhiteTeam "Czech Republic"]
[BlackTeam "England"]
[WhiteTeamCountry "CZE"]
[BlackTeamCountry "ENG"]

1. d4 Nf6 2. c4 g6 3. Nc3 Bg7 4. e4 d6 5. Nf3 O-O 6. Be2 e5 7. O-O Nc6 8. d5
Ne7 9. b4 Nh5 10. Re1 f5 11. Ng5 Nf6 12. Bf3 c6 13. Bb2 cxd5 14. cxd5 fxe4 15.
Ngxe4 Nf5 16. Nxf6+ Bxf6 17. Ne4 Bg7 18. Rc1 Bd7 19. Qb3 Bh6 20. Rc6 bxc6 21.
dxc6+ Kh8 22. cxd7 Qxd7 23. Nf6 Qd8 24. Bxa8 Qxf6 25. Be4 Nd4 26. Bxd4 exd4 27.
Re2 d5 28. Bd3 Qf4 29. Qc2 Rf7 30. g3 Qf6 31. Re8+ Kg7 32. Qe2 Rf8 33. Re6 Qf3
34. Re7+ Kh8 35. Rxa7 Qxe2 36. Bxe2 Bd2 37. b5 Be1 38. f4 Bb4 39. Rc7 Ba5 40.
Rc6 Kg7 41. Ra6 Bb4 42. Bd3 Kf7 43. a4 Ke7 44. Ra7+ Kd6 45. Rxh7 Ra8 46. b6 Kc6
47. b7 Rg8 48. Bxg6 Bd6 49. Bd3 Bxf4 50. a5 Bb8 51. a6 Kb6 52. Rh6+ Ka7 53. Rh5
Rd8 54. Kg2 Bc7 55. g4 Rg8 56. g5 1-0

[Event "European Team-ch 2007"]
[Site "Crete GRE"]
[Date "2007.10.29"]
[Round "2.9"]
[White "Pert, Nicholas"]
[Black "Hracek, Zbynek"]
[Result "1/2-1/2"]
[WhiteElo "2539"]
[BlackElo "2598"]
[PlyCount "66"]
[EventDate "2007.10.28"]
[EventType "team"]
[EventRounds "9"]
[EventCountry "GRE"]
[Source "lmi"]
[SourceDate "2007.10.28"]
[WhiteTeam "England"]
[BlackTeam "Czech Republic"]
[WhiteTeamCountry "ENG"]
[BlackTeamCountry "CZE"]

1. d4 d5 2. c4 c6 3. Nf3 Nf6 4. Nc3 dxc4 5. a4 e6 6. e3 c5 7. Bxc4 Nc6 8. O-O
cxd4 9. exd4 Be7 10. Bg5 O-O 11. Qd2 Nb4 12. Rad1 b6 13. Ne5 Bb7 14. Qe2 Nfd5
15. Bd2 Rc8 16. Rfe1 Bg5 17. Nxd5 Nxd5 18. Bd3 Bxd2 19. Qxd2 Qe7 20. Bb1 Qb4
21. Qd3 g6 22. Qg3 Qxb2 23. Be4 Qc3 24. Qh4 Qc7 25. Rd3 f6 26. Nxg6 hxg6 27.
Rh3 Qg7 28. Bxg6 Rc3 29. Bd3 Nf4 30. Rg3 Nxd3 31. Rxg7+ Kxg7 32. Qg4+ Kh7 33.
Qh4+ Kg7 1/2-1/2

[Event "European Team-ch 2007"]
[Site "Crete GRE"]
[Date "2007.10.29"]
[Round "2.9"]
[White "Polak, Tomas"]
[Black "Hebden, Mark L"]
[Result "1/2-1/2"]
[WhiteElo "2540"]
[BlackElo "2542"]
[PlyCount "168"]
[EventDate "2007.10.28"]
[EventType "team"]
[EventRounds "9"]
[EventCountry "GRE"]
[Source "lmi"]
[SourceDate "2007.10.28"]
[WhiteTeam "Czech Republic"]
[BlackTeam "England"]
[WhiteTeamCountry "CZE"]
[BlackTeamCountry "ENG"]

1. d4 Nf6 2. c4 g6 3. Nc3 Bg7 4. e4 d6 5. Nf3 O-O 6. h3 e5 7. d5 a5 8. Bg5 Na6
9. g4 Nc5 10. Nd2 c6 11. Be2 Bd7 12. h4 a4 13. Rb1 Qa5 14. Kf1 cxd5 15. Bxf6
Bxf6 16. Nxd5 Qd8 17. g5 Bg7 18. Bg4 Bc6 19. Rh3 f6 20. gxf6 Bxf6 21. h5 Bg5
22. hxg6 hxg6 23. Bf5 Bxd5 24. cxd5 Qf6 25. Rg3 Kf7 26. Nf3 gxf5 27. Nxg5+ Ke7
28. Nh7 Qh4 29. Nxf8 Qh1+ 30. Rg1 Qh3+ 31. Ke2 Rxf8 32. Rg7+ Kf6 33. Rg3 Qh5+
34. Kf1 Qh1+ 35. Rg1 Qxe4 36. Rc1 Rh8 37. Qd2 f4 38. Qc2 Rh2 39. Qxe4 Nxe4 40.
Rc2 f3 41. Rg8 Rh1+ 42. Rg1 Rxg1+ 43. Kxg1 Nc5 44. Rc4 e4 45. Rb4 Ke5 46. Rb6
Kxd5 47. b4 axb3 48. axb3 Ke5 49. b4 Nd3 50. Rxb7 d5 51. b5 Kd6 52. Rb8 Kc7 53.
Re8 Kb6 54. Rd8 Nf4 55. Rb8+ Kc7 56. Rf8 Ne2+ 57. Kf1 Nc3 58. Rf6 Nxb5 59. Ke1
Kd7 60. Kd2 Ke7 61. Ra6 Nc7 62. Rc6 Kd7 63. Rb6 d4 64. Rh6 Nd5 65. Rh4 Nf6 66.
Rh8 Ke6 67. Rd8 Ke5 68. Rf8 Nd5 69. Re8+ Kf5 70. Rf8+ Nf6 71. Rh8 Kf4 72. Rf8
Kf5 73. Rh8 d3 74. Rf8 Ke5 75. Rh8 Ng4 76. Re8+ Kd5 77. Rd8+ Kc6 78. Ke1 Kc5
79. Rc8+ Kd6 80. Rd8+ Ke7 81. Rd4 Nf6 82. Kd2 Ke6 83. Rd8 Ke5 84. Rf8 Ng4
1/2-1/2

[Event "European Team-ch 2007"]
[Site "Crete GRE"]
[Date "2007.10.29"]
[Round "2.10"]
[White "Ivanisevic, Ivan"]
[Black "Naiditsch, Arkadij"]
[Result "1/2-1/2"]
[WhiteElo "2607"]
[BlackElo "2639"]
[PlyCount "63"]
[EventDate "2007.10.28"]
[EventType "team"]
[EventRounds "9"]
[EventCountry "GRE"]
[Source "lmi"]
[SourceDate "2007.10.28"]
[WhiteTeam "SRB"]
[BlackTeam "Germany"]
[BlackTeamCountry "GER"]

1. d4 Nf6 2. c4 g6 3. Nc3 d5 4. Nf3 Bg7 5. Qb3 dxc4 6. Qxc4 O-O 7. e4 a6 8. Qb3
b5 9. e5 Nfd7 10. e6 fxe6 11. Be3 Nf6 12. a4 bxa4 13. Rxa4 Nd5 14. Bc4 c6 15.
Ra3 Nd7 16. Nxd5 cxd5 17. Bxd5 Nc5 18. dxc5 Qxd5 19. O-O Bb7 20. Rd1 Qxb3 21.
Rxb3 Bxf3 22. gxf3 Rxf3 23. Rd7 Bh6 24. c6 Bxe3 25. fxe3 Raf8 26. c7 Kg7 27.
Rd1 Rc8 28. Rb7 Rff8 29. Ra1 Rf5 30. Rxa6 Rc5 31. Raa7 Rc2 32. b4 1/2-1/2

[Event "European Team-ch 2007"]
[Site "Crete GRE"]
[Date "2007.10.29"]
[Round "2.10"]
[White "Kritz, Leonid"]
[Black "Damljanovic, Branko"]
[Result "0-1"]
[WhiteElo "2596"]
[BlackElo "2608"]
[PlyCount "66"]
[EventDate "2007.10.28"]
[EventType "team"]
[EventRounds "9"]
[EventCountry "GRE"]
[Source "lmi"]
[SourceDate "2007.10.28"]
[WhiteTeam "Germany"]
[BlackTeam "SRB"]
[WhiteTeamCountry "GER"]

1. e4 c5 2. Nf3 e6 3. d4 cxd4 4. Nxd4 Nc6 5. Nc3 Qc7 6. Be3 Nf6 7. f3 a6 8. Qd2
Bb4 9. O-O-O O-O 10. g4 b5 11. h4 Ne5 12. a3 Be7 13. h5 b4 14. Na2 bxa3 15. b3
Bb7 16. g5 Ne8 17. Rg1 Rc8 18. f4 Nc6 19. e5 Nxd4 20. Bxd4 Be4 21. Bd3 Bxd3 22.
Qxd3 Bc5 23. Rg2 Bxd4 24. Qxd4 Qc6 25. Rgd2 Qf3 26. Rd3 Qxh5 27. Qxd7 Nc7 28.
Rc3 Qg4 29. Rxc7 Qxf4+ 30. Kb1 Qxe5 31. Rc3 Rxc3 32. Nxc3 Qxc3 33. Qd4 a2+ 0-1

[Event "European Team-ch 2007"]
[Site "Crete GRE"]
[Date "2007.10.29"]
[Round "2.10"]
[White "Miladinovic, Igor"]
[Black "Buhmann, Rainer"]
[Result "1-0"]
[WhiteElo "2603"]
[BlackElo "2567"]
[PlyCount "113"]
[EventDate "2007.10.28"]
[EventType "team"]
[EventRounds "9"]
[EventCountry "GRE"]
[Source "lmi"]
[SourceDate "2007.10.28"]
[WhiteTeam "SRB"]
[BlackTeam "Germany"]
[BlackTeamCountry "GER"]

1. d4 d5 2. Bg5 f6 3. Bf4 c5 4. Bxb8 Rxb8 5. e3 a6 6. c4 e6 7. cxd5 cxd4 8.
Qxd4 Qxd5 9. Qxd5 exd5 10. Nc3 Bb4 11. Nge2 Bg4 12. a3 Bxe2 13. axb4 Bxf1 14.
Rxf1 Ne7 15. O-O-O Rc8 16. Kc2 Kf7 17. Kb3 Rhd8 18. Rd2 Rd6 19. Rfd1 Rcd8 20.
Rd3 Ke6 21. Na4 b6 22. Nc3 Nc6 23. b5 Ne5 24. Rd4 Nd7 25. Ka2 Ra8 26. Kb1 Nc5
27. b4 axb5 28. bxc5 bxc5 29. Rxd5 Rda6 30. Nxb5 Ra1+ 31. Kc2 R8a2+ 32. Kb3
Rxd1 33. Nc7+ Ke7 34. Kxa2 Rh1 35. Rh5 Rf1 36. Rf5 g6 37. Rf4 f5 38. e4 fxe4
39. Nd5+ Kd6 40. Nc3 g5 41. Rf5 e3 42. Rd5+ Kc6 43. fxe3 Rc1 44. Rd3 Rc2+ 45.
Kb3 Rxg2 46. Ne4 Rxh2 47. Nxg5 Rh4 48. Kc3 h6 49. Nf7 Rh3 50. e4 Rxd3+ 51. Kxd3
h5 52. Ne5+ Kb5 53. Nf3 c4+ 54. Kd4 Kb4 55. e5 c3 56. e6 c2 57. Ne1 1-0

[Event "European Team-ch 2007"]
[Site "Crete GRE"]
[Date "2007.10.29"]
[Round "2.10"]
[White "Baramidze, David"]
[Black "Markus, Robert"]
[Result "1/2-1/2"]
[WhiteElo "2569"]
[BlackElo "2586"]
[PlyCount "131"]
[EventDate "2007.10.28"]
[EventType "team"]
[EventRounds "9"]
[EventCountry "GRE"]
[Source "lmi"]
[SourceDate "2007.10.28"]
[WhiteTeam "Germany"]
[BlackTeam "SRB"]
[WhiteTeamCountry "GER"]

1. e4 c5 2. Nf3 e6 3. d4 cxd4 4. Nxd4 a6 5. Nc3 b5 6. Bd3 Bb7 7. O-O Nc6 8.
Nxc6 Bxc6 9. Qe2 Qb8 10. a4 b4 11. Nd5 Bd6 12. f4 f5 13. e5 Bxd5 14. exd6 Nh6
15. c4 bxc3 16. bxc3 Qb6+ 17. Kh1 O-O 18. c4 Bc6 19. Be3 Qb4 20. c5 Ng4 21. Bg1
Rfb8 22. a5 Qc3 23. Rfc1 Qf6 24. Rab1 Rxb1 25. Rxb1 Qc3 26. Rb6 Bd5 27. Bxa6
Qxa5 28. Bb7 Bxb7 29. Rxb7 Qa4 30. Rc7 Rd8 31. c6 Kf7 32. Qf3 Kg6 33. Qg3 Kf7
34. Qf3 Kg6 35. Qe2 Nf6 36. Qe5 Qe4 37. Bd4 Qb1+ 38. Bg1 Qe4 39. Bd4 Qb1+ 40.
Bg1 Qe4 41. Qxe4 fxe4 42. Bb6 Ra8 43. cxd7 Rd8 44. g4 Rxd7 45. Rxd7 Nxd7 46.
Bd4 h5 47. h3 hxg4 48. hxg4 Kh6 49. Be3 Kg6 50. Bd4 Kh6 51. Be3 Kg6 52. Kg2 e5
53. f5+ Kf6 54. Bf2 Kg5 55. Kh3 Kf6 56. Bh4+ Kf7 57. Kg2 g6 58. fxg6+ Kxg6 59.
Kf2 Kf7 60. Ke3 Ke6 61. Be7 Nb6 62. Kxe4 Nc8 63. Bf8 Nxd6+ 64. Bxd6 Kxd6 65.
Kf5 e4 66. Kxe4 1/2-1/2

[Event "European Team-ch 2007"]
[Site "Crete GRE"]
[Date "2007.10.29"]
[Round "2.11"]
[White "Socko, Bartosz"]
[Black "Stefansson, Hannes"]
[Result "0-1"]
[WhiteElo "2646"]
[BlackElo "2574"]
[PlyCount "84"]
[EventDate "2007.10.28"]
[EventType "team"]
[EventRounds "9"]
[EventCountry "GRE"]
[Source "lmi"]
[SourceDate "2007.10.28"]
[WhiteTeam "Poland"]
[BlackTeam "Iceland"]
[WhiteTeamCountry "POL"]
[BlackTeamCountry "ISL"]

1. d4 Nf6 2. c4 e6 3. Nf3 d5 4. Nc3 c6 5. e3 Nbd7 6. Qc2 b6 7. Bd3 Bb7 8. O-O
dxc4 9. Bxc4 c5 10. Rd1 cxd4 11. Nxd4 Rc8 12. Qe2 Qc7 13. Ba6 Bc5 14. Ndb5 Qc6
15. Bxb7 Qxb7 16. e4 O-O 17. Bg5 e5 18. Nd6 Bxd6 19. Rxd6 Rc6 20. Rad1 Rfc8 21.
Qd2 Rxd6 22. Qxd6 h6 23. Bxf6 Nxf6 24. f3 Re8 25. Nd5 Nxd5 26. exd5 Qc8 27. Qc6
Rd8 28. Qb5 Qc2 29. Rd3 Qe2 30. h3 Rc8 31. Rb3 Rc1+ 32. Kh2 Qxb5 33. Rxb5 f6
34. Rb3 Kf7 35. Ra3 Rc7 36. Rd3 Ke8 37. Kg3 Kd7 38. f4 e4 39. Rd2 Kd6 40. b4 f5
41. Kh4 Rc3 42. g4 Rf3 0-1

[Event "European Team-ch 2007"]
[Site "Crete GRE"]
[Date "2007.10.29"]
[Round "2.11"]
[White "Gajewski, Grzegorz"]
[Black "Danielsen, Henrik"]
[Result "1-0"]
[WhiteElo "2573"]
[BlackElo "2491"]
[PlyCount "81"]
[EventDate "2007.10.28"]
[EventType "team"]
[EventRounds "9"]
[EventCountry "GRE"]
[Source "lmi"]
[SourceDate "2007.10.28"]
[WhiteTeam "Poland"]
[BlackTeam "Iceland"]
[WhiteTeamCountry "POL"]
[BlackTeamCountry "ISL"]

1. d4 Nf6 2. c4 e6 3. Nf3 b6 4. g3 Bb7 5. Bg2 Be7 6. Nc3 O-O 7. Qc2 d5 8. cxd5
Nxd5 9. O-O Nxc3 10. bxc3 Qc8 11. c4 f5 12. Rd1 Bf6 13. Bb2 Be4 14. Qc1 Nd7 15.
Bh3 Qe8 16. Nd2 Qh5 17. Bf1 Bb7 18. c5 bxc5 19. dxc5 f4 20. Bxf6 fxg3 21. fxg3
Nxf6 22. c6 Ba6 23. Nf3 Ng4 24. Qg5 Qxg5 25. Nxg5 Bc4 26. Rd4 Ne3 27. Bh3 h6
28. Rxc4 Nxc4 29. Bxe6+ Kh8 30. Nf7+ Rxf7 31. Bxf7 Ne5 32. Bd5 Rd8 33. e4 Rd6
34. Rc1 Kh7 35. Kf1 Kg6 36. Ke2 Kg5 37. Ke3 Ng4+ 38. Kd4 Nxh2 39. Rb1 Nf3+ 40.
Kc5 Ne5 41. Rb7 1-0

[Event "European Team-ch 2007"]
[Site "Crete GRE"]
[Date "2007.10.29"]
[Round "2.11"]
[White "Kristjansson, Stefan"]
[Black "Wojtaszek, Radoslaw"]
[Result "1-0"]
[WhiteElo "2458"]
[BlackElo "2635"]
[PlyCount "51"]
[EventDate "2007.10.28"]
[EventType "team"]
[EventRounds "9"]
[EventCountry "GRE"]
[Source "lmi"]
[SourceDate "2007.10.28"]
[WhiteTeam "Iceland"]
[BlackTeam "Poland"]
[WhiteTeamCountry "ISL"]
[BlackTeamCountry "POL"]

1. d4 f5 2. Nc3 Nf6 3. Bg5 d5 4. Bxf6 exf6 5. e3 Be6 6. Qf3 Qd7 7. Bb5 Nc6 8.
Nge2 a6 9. Ba4 O-O-O 10. Nf4 Bf7 11. Nd3 g6 12. a3 Qd6 13. b4 Nb8 14. O-O h5
15. Bb3 h4 16. h3 Bh6 17. Rfc1 c6 18. Na4 g5 19. c4 g4 20. Qxf5+ Be6 21. Nb6+
Kc7 22. Nxd5+ Kc8 23. Nb6+ Kc7 24. Qa5 Bxe3 25. c5 Qg3 26. Nd5+ 1-0

[Event "European Team-ch 2007"]
[Site "Crete GRE"]
[Date "2007.10.29"]
[Round "2.12"]
[White "Berg, Emanuel"]
[Black "Pelletier, Yannick"]
[Result "1-0"]
[WhiteElo "2593"]
[BlackElo "2609"]
[PlyCount "87"]
[EventDate "2007.10.28"]
[EventType "team"]
[EventRounds "9"]
[EventCountry "GRE"]
[Source "lmi"]
[SourceDate "2007.10.28"]
[WhiteTeam "Sweden"]
[BlackTeam "Switzerland"]
[WhiteTeamCountry "SWE"]
[BlackTeamCountry "SUI"]

1. e4 c5 2. Nf3 e6 3. d4 cxd4 4. Nxd4 Nc6 5. Nc3 Qc7 6. Be3 a6 7. Bd3 Nf6 8.
O-O Nxd4 9. Bxd4 Bc5 10. Bxc5 Qxc5 11. Kh1 d6 12. f3 O-O 13. Qe1 e5 14. f4 exf4
15. Rxf4 Be6 16. Qd2 Qg5 17. Rf2 Qxd2 18. Rxd2 Rfd8 19. Be2 Kf8 20. Rad1 Ke7
21. Bf3 Rac8 22. Kg1 Rc5 23. Kf2 Rd7 24. Rd4 h6 25. R1d2 Nh7 26. Na4 Rb5 27. c4
Rb4 28. b3 b5 29. Nb6 Rb7 30. Rxd6 bxc4 31. Nxc4 Bxc4 32. bxc4 Rxc4 33. Rxa6
Ng5 34. Re2 Rbb4 35. Ra7+ Ke6 36. Ra6+ Ke7 37. Ra7+ Ke6 38. Bg4+ Ke5 39. Ra5+
Kf4 40. Bf3 Nxf3 41. Rf5+ Kg4 42. gxf3+ Kh4 43. Rxf7 g5 44. e5 1-0

[Event "European Team-ch 2007"]
[Site "Crete GRE"]
[Date "2007.10.29"]
[Round "2.12"]
[White "Jenni, Florian"]
[Black "Agrest, Evgenij"]
[Result "1-0"]
[WhiteElo "2511"]
[BlackElo "2541"]
[PlyCount "53"]
[EventDate "2007.10.28"]
[EventType "team"]
[EventRounds "9"]
[EventCountry "GRE"]
[Source "lmi"]
[SourceDate "2007.10.28"]
[WhiteTeam "Switzerland"]
[BlackTeam "Sweden"]
[WhiteTeamCountry "SUI"]
[BlackTeamCountry "SWE"]

1. e4 c5 2. c3 Nf6 3. e5 Nd5 4. d4 cxd4 5. Nf3 Nc6 6. cxd4 d6 7. Bc4 Nb6 8. Bb5
Bd7 9. Nc3 dxe5 10. d5 e4 11. Nxe4 Nb8 12. Bxd7+ N8xd7 13. O-O Nf6 14. Nxf6+
gxf6 15. Qe2 Qd7 16. d6 e6 17. Rd1 Bg7 18. Be3 O-O 19. Bxb6 axb6 20. Rd3 Rfc8
21. Nd2 Ra5 22. Rd1 Rc6 23. Ne4 f5 24. Ng3 Re5 25. Qd2 Rc4 26. b3 Rh4 27. Qg5
1-0

[Event "European Team-ch 2007"]
[Site "Crete GRE"]
[Date "2007.10.29"]
[Round "2.12"]
[White "Cicak, Slavko"]
[Black "Gallagher, Joseph G"]
[Result "1/2-1/2"]
[WhiteElo "2569"]
[BlackElo "2497"]
[PlyCount "83"]
[EventDate "2007.10.28"]
[EventType "team"]
[EventRounds "9"]
[EventCountry "GRE"]
[Source "lmi"]
[SourceDate "2007.10.28"]
[WhiteTeam "Sweden"]
[BlackTeam "Switzerland"]
[WhiteTeamCountry "SWE"]
[BlackTeamCountry "SUI"]

1. c4 g6 2. Nc3 Bg7 3. g3 d6 4. Bg2 e5 5. e4 Nc6 6. Nge2 Nge7 7. d3 O-O 8. O-O
Nd4 9. Nxd4 exd4 10. Nb5 c6 11. Na3 Be6 12. Bf4 Qd7 13. Qd2 a5 14. Rfe1 b5 15.
cxb5 cxb5 16. Bh6 Bxh6 17. Qxh6 Rac8 18. Qd2 b4 19. Nc4 Bxc4 20. dxc4 Rxc4 21.
Bf1 Rc5 22. Qxd4 Nc6 23. Qe3 Qe6 24. Rec1 Qe5 25. Rxc5 dxc5 26. Rc1 Nd4 27. f4
Qd6 28. Bc4 Kg7 29. b3 Re8 30. Bf1 f6 31. h4 h6 32. Bg2 Re7 33. Kh2 Re8 34. Rf1
Re7 35. Qd3 Re8 36. Qc4 Re7 37. Rc1 Rc7 38. Re1 Re7 39. Kh1 Nf5 40. Kh2 Qd4 41.
Rc1 Rc7 42. Re1 1/2-1/2

[Event "European Team-ch 2007"]
[Site "Crete GRE"]
[Date "2007.10.29"]
[Round "2.12"]
[White "Landenbergue, Claude"]
[Black "Carlsson, Pontus"]
[Result "0-1"]
[WhiteElo "2452"]
[BlackElo "2481"]
[PlyCount "92"]
[EventDate "2007.10.28"]
[EventType "team"]
[EventRounds "9"]
[EventCountry "GRE"]
[Source "lmi"]
[SourceDate "2007.10.28"]
[WhiteTeam "Switzerland"]
[BlackTeam "Sweden"]
[WhiteTeamCountry "SUI"]
[BlackTeamCountry "SWE"]

1. d4 Nf6 2. Nf3 e6 3. c4 b6 4. g3 Ba6 5. Qc2 Bb4+ 6. Nbd2 Bb7 7. Bg2 c5 8.
dxc5 Bxc5 9. O-O O-O 10. a3 Be7 11. b4 d6 12. Bb2 Nbd7 13. Rac1 Rc8 14. Qb1 Qc7
15. e4 Qb8 16. Rfe1 Rfe8 17. e5 Nxe5 18. Nxe5 Bxg2 19. Nxf7 Ba8 20. Ng5 Qb7 21.
f3 e5 22. Qd3 Bf8 23. Nge4 Qf7 24. Rf1 Rcd8 25. Qe3 Nh5 26. Rce1 Be7 27. Rc1
Qg6 28. Kh1 b5 29. c5 d5 30. Nd6 Bxd6 31. cxd6 Rxd6 32. Rf2 d4 33. Qe2 Nf6 34.
Kg1 a6 35. Nb3 e4 36. Nxd4 exf3 37. Qc2 Be4 38. Qb3+ Bd5 39. Qc2 Qxc2 40. Rfxc2
Ng4 41. h3 f2+ 42. Rxf2 Nxf2 43. Kxf2 Rf6+ 44. Kg1 Re3 45. Rc8+ Kf7 46. Rc7+
Kf8 0-1

[Event "European Team-ch 2007"]
[Site "Crete GRE"]
[Date "2007.10.29"]
[Round "2.13"]
[White "Gurevich, Mikhail"]
[Black "Godena, Michele"]
[Result "1/2-1/2"]
[WhiteElo "2627"]
[BlackElo "2535"]
[PlyCount "46"]
[EventDate "2007.10.28"]
[EventType "team"]
[EventRounds "9"]
[EventCountry "GRE"]
[Source "lmi"]
[SourceDate "2007.10.28"]
[WhiteTeam "Turkey"]
[BlackTeam "Italy"]
[WhiteTeamCountry "TUR"]
[BlackTeamCountry "ITA"]

1. d4 d5 2. c4 c6 3. Nf3 Nf6 4. Qb3 e6 5. Bg5 dxc4 6. Qxc4 b5 7. Qc2 Bb7 8. e3
Nbd7 9. Bd3 Rc8 10. O-O Be7 11. Qe2 O-O 12. Rd1 Nd5 13. Bxe7 Qxe7 14. Nc3 Nxc3
15. bxc3 Nb6 16. Nd2 a6 17. c4 c5 18. cxb5 axb5 19. dxc5 Na4 20. Ne4 Bxe4 21.
Bxe4 Rxc5 22. Rac1 g6 23. Rxc5 Qxc5 1/2-1/2

[Event "European Team-ch 2007"]
[Site "Crete GRE"]
[Date "2007.10.29"]
[Round "2.13"]
[White "Caruana, Fabiano"]
[Black "Atalik, Suat"]
[Result "1/2-1/2"]
[WhiteElo "2594"]
[BlackElo "2599"]
[PlyCount "114"]
[EventDate "2007.10.28"]
[EventType "team"]
[EventRounds "9"]
[EventCountry "GRE"]
[Source "lmi"]
[SourceDate "2007.10.28"]
[WhiteTeam "Italy"]
[BlackTeam "Turkey"]
[WhiteTeamCountry "ITA"]
[BlackTeamCountry "TUR"]

1. e4 e5 2. Nf3 Nc6 3. Bb5 a6 4. Ba4 Nf6 5. O-O Be7 6. Re1 b5 7. Bb3 d6 8. c3
O-O 9. h3 Bb7 10. d4 Re8 11. Ng5 Rf8 12. Nf3 Re8 13. Nbd2 Bf8 14. a3 g6 15. Ba2
Bg7 16. b4 Qd7 17. Bb2 Nh5 18. d5 Nd8 19. c4 Nf4 20. c5 c6 21. dxc6 Nxc6 22.
Nb3 Rad8 23. cxd6 Qxd6 24. Qxd6 Rxd6 25. Nc5 Bc8 26. Ng5 Rf8 27. Rad1 Nd4 28.
Bxd4 Rxd4 29. Rxd4 exd4 30. e5 h6 31. Nf3 Rd8 32. Kf1 g5 33. e6 Nxe6 34. Nxe6
fxe6 35. Bxe6+ Kf8 36. Bxc8 Rxc8 37. Rd1 Rc4 38. Ke2 Ke7 39. Kd3 Rc3+ 40. Ke4
Rxa3 41. Nxd4 Bxd4 42. Rxd4 Ke6 43. f4 Rg3 44. f5+ Ke7 45. Rd2 Rb3 46. Rd4 Rb2
47. g4 Rb3 48. Ke5 Re3+ 49. Kd5 Rxh3 50. Re4+ Kf7 51. Re6 Rh4 52. Rxa6 Rxg4 53.
Ke5 Rxb4 54. Ra7+ Kf8 55. Ra8+ Kf7 56. Ra7+ Kf8 57. Ra8+ Kf7 1/2-1/2

[Event "European Team-ch 2007"]
[Site "Crete GRE"]
[Date "2007.10.29"]
[Round "2.13"]
[White "Haznedaroglu, Kivanc"]
[Black "Brunello, Sabino"]
[Result "1/2-1/2"]
[WhiteElo "2468"]
[BlackElo "2489"]
[PlyCount "63"]
[EventDate "2007.10.28"]
[EventType "team"]
[EventRounds "9"]
[EventCountry "GRE"]
[Source "lmi"]
[SourceDate "2007.10.28"]
[WhiteTeam "Turkey"]
[BlackTeam "Italy"]
[WhiteTeamCountry "TUR"]
[BlackTeamCountry "ITA"]

1. e4 e5 2. Nf3 Nc6 3. Bb5 a6 4. Ba4 Nf6 5. O-O Be7 6. Re1 b5 7. Bb3 d6 8. c3
O-O 9. h3 Na5 10. Bc2 d5 11. exd5 e4 12. Ne5 Qxd5 13. d4 exd3 14. Qxd3 Bb7 15.
Qxd5 Nxd5 16. Nd2 Rfe8 17. Ndf3 b4 18. cxb4 Bxb4 19. Bd2 Bxd2 20. Nxd2 Nf4 21.
Nef3 c5 22. h4 c4 23. Kf1 Bd5 24. Rad1 Rxe1+ 25. Nxe1 Rb8 26. b3 g6 27. g3 cxb3
28. axb3 Ne6 29. Ra1 Nxb3 30. Nxb3 Bxb3 31. Bxb3 Rxb3 32. Rxa6 1/2-1/2